000 01191nam a22002897a 4500
003 PE SENCICO BE
005 20251020182648.0
008 240104b |||||||| |||| 00| 0 eng d
040 _aPE SENCICO BE
_cPE SENCICO BE
041 _aspa
084 _aI
_aDIS
_a2017
_bA93
100 1 _91833
_aAyala Mateo, Alexandra Lucero
_eautor
245 1 _aComplementos decorativos /
_cAlexandra Lucero Ayala Mateo
246 _aPropuesta de diseño de loft
260 _aLima :
_c2017
300 _a2 v.. :
_bil. col., tabls. ;
_c30 cm.
500 _aEl volumen 2 contiene planos.
502 _aMonografía de Titulación.-- Servicio Nacional de Capacitación para la Industria de la Construcción. Escuela Superior Técnica. Carrera Profesional Técnica en Diseño de Interiores, 2017
505 0 _av. 1. Complementos decorativos -- v. 2. Propuesta de diseño de loft
650 1 0 _944
_aDiseño de interiores
650 2 0 _925
_aDecoración de interiores
650 2 0 _91834
_aRevestimiento de pisos
650 2 0 _9615
_aPlanos
710 1 _aServicio Nacional de Capacitación para la Industria de la Construcción.
_bEscuela Superior Técnica
_91065
910 _bhfp
_chfp
942 _cMON
999 _c4471
_d4471